Foreign-Born Population: Australia Quiz Stats

 Plays Quiz Updated Sep 12, 2018

Support Sporcle.
Go Orange.
Score 0/20 Timer 05:00
7 Plays Today
Foreign-Born Population Country % Correct
1,192,878United Kingdom
95.8%
470,071China
95.5%
83,996United States
95.2%
544,171New Zealand
92.5%
340,604India
87.5%
128,558Germany
79.8%
73,527Indonesia
78.9%
216,303Italy
72.5%
155,692South Africa
69.1%
100,255South Korea
68.8%
Foreign-Born Population Country % Correct
210,803Vietnam
68.4%
72,378Ireland
67.6%
135,607Malaysia
60.4%
177,389Philippines
58.3%
127,195Greece
55.2%
62,778Fiji
45.9%
92,243Sri Lanka
39%
88,609Netherlands
36.3%
68,319Croatia
22.9%
90,395Lebanon
17.2%

You're not logged in!

Compare scores with friends on all Sporcle quizzes.
OR
Log In

From the Vault

The Guardian's 100 Best Male Footballers

by guide

How many of these players will change clubs this summer?
Remove Ads.
Support Sporcle.
Get the best of Sporcle when you Go Orange. This ad-free experience offers more features, more stats, and more fun while also helping to support Sporcle. Thank you for becoming a member.

Show Comments

Extras

Top Quizzes Today


Score Distribution

Your Account Isn't Verified!

In order to create a playlist on Sporcle, you need to verify the email address you used during registration. Go to your Sporcle Settings to finish the process.

Report this User

Report this user for behavior that violates our Community Guidelines.

Details: